Statistics for Alitalia Destinations on a Map

Click here to take the quiz!

General Stats

  • This quiz has been taken 357 times
  • The average score is 74 of 87

Answers on the Map

Answers color-coded by a green-red scale on the quiz's map according to % correct below.
 

Answer Stats

Answer% Correct
Barcelona
99%
Cairo
99%
London Heathrow
99%
Los Angeles
99%
Madrid
99%
Mexico City
99%
Miami
99%
Moscow
99%
New Delhi
99%
New York City
99%
Paris Charles de Gaulle
99%
Tokyo Narita
99%
Amsterdam
98%
Berlin
98%
Boston
98%
Buenos Aires
98%
Johannesburg
98%
Kiev
98%
Paris Orly
98%
Rio de Janeiro
98%
São Paulo
98%
Tokyo Haneda
98%
Warsaw
98%
Athens
97%
Chicago
97%
London City Airport
97%
Milan Linate
97%
Milan Malpensa
97%
San Francisco
97%
Toronto
97%
Washington D.C.
97%
Brussels
96%
Frankfurt
96%
Munich
96%
Prague
95%
Tel Aviv
95%
Budapest
94%
Casablanca
94%
Geneva
93%
Marseille
93%
Nice
93%
Sofia
93%
Tunis
93%
Venice
93%
Beirut
92%
Hamburg
92%
Naples
92%
Rome
92%
Valletta
92%
Zürich
92%
Algiers
90%
Belgrade
90%
Palermo
89%
Düsseldorf
88%
Malé
88%
Tirana
87%
Cologne-Bonn
86%
Florence
86%
Luxembourg City
86%
Turin
86%
Toulouse
85%
Stuttgart
84%
Valencia
84%
Genoa
82%
Bari
81%
Malaga
81%
Palma de Mallorca
81%
Ibiza
79%
Bologna
76%
Podgorica
75%
Cagliari
73%
Catania
71%
Port Louis
71%
Trieste
71%
Pisa
69%
Verona
66%
Menorca
65%
Rhodes
63%
Bergamo
49%
Brindisi
43%
Reggio Calabria
41%
Lampedusa
40%
Olbia
40%
Alghero
36%
Pescara
36%
Lamezia Terme
32%
Pantelleria
30%

Score Distribution

Percentile by Number Answered

Percent of People with Each Score

Your Score History

You have not taken this quiz